| 000 | 00682nam a2200205Ia 4500 | ||
|---|---|---|---|
| 005 | 20241216011214.0 | ||
| 008 | 190429s9999||||xx |||||||||||||| ||und|| | ||
| 082 |
_a658.18 _bP19 |
||
| 100 | _aPALOMINO ANDRADE EDITH CARINA | ||
| 245 | 0 | _aESTRATEGIA DE KAISEN Y LA COMPETITIVIDAD EN LA COMPAÑIA MINERA AURIFERA AUREX S.A. - 2013 | |
| 250 | _a0 | ||
| 260 |
_aCERRO DE PASCO-PERU _bUNDAC _c2014 |
||
| 300 |
_a108 pag. _c30 cm. |
||
| 341 | _h0 | ||
| 490 |
_v0 _a0 |
||
| 505 | _aPROBLEMA DE INVESTIGACION, MARCO TEORICO, METODOLOGIA Y TECNICAS DE INVESTIGACION, RESULTADOS Y DISCUSION | ||
| 541 |
_aD _bPALOMINO ANDRADE, EDITH _d19-Aug-16 _oSoles |
||
| 650 | _a6GE | ||
| 942 | _cTESIS | ||
| 999 |
_c35487 _d35487 |
||